Tribhuvan University Central Library

The invertebrates: smaller coelomate groups vol.5 (Record no. 81134)

MARC details
000 -LEADER
fixed length control field 00488nam a22001697a 4500
008 - FIXED-LENGTH DATA ELEMENTS--GENERAL INFORMATION
fixed length control field 160605b xxu||||| |||| 00| 0 eng d
082 ## - DEWEY DECIMAL CLASSIFICATION NUMBER
Classification number 592/H997t
100 ## - MAIN ENTRY--PERSONAL NAME
Personal name Hyman, Libbie Henrietta
245 ## - TITLE STATEMENT
Title The invertebrates: smaller coelomate groups vol.5
260 ## - PUBLICATION, DISTRIBUTION, ETC.
Place of publication, distribution, etc. New York:
Name of publisher, distributor, etc. Mc Graw Hill Books
Date of publication, distribution, etc. 1959
300 ## - PHYSICAL DESCRIPTION
Extent viii,783p.illus
504 ## - BIBLIOGRAPHY, ETC. NOTE
Bibliography, etc. note Includes bibliography
650 ## - SUBJECT ADDED ENTRY--TOPICAL TERM
Topical term or geographic name entry element invertebrates
9 (RLIN) 8426
650 ## - SUBJECT ADDED ENTRY--TOPICAL TERM
Topical term or geographic name entry element bilateria
650 ## - SUBJECT ADDED ENTRY--TOPICAL TERM
Topical term or geographic name entry element phylum platyhelminthes
942 ## - ADDED ENTRY ELEMENTS (KOHA)
Source of classification or shelving scheme Dewey Decimal Classification
Koha item type General Collections
Holdings
Withdrawn status Lost status Source of classification or shelving scheme Damaged status Not for loan Home library Current library Date acquired Total Checkouts Full call number Barcode Date last seen Date last checked out Price effective from Koha item type
    Dewey Decimal Classification     Tribhuvan University Central Library Tribhuvan University Central Library 07/27/2017 1 592/H997 55100 07/31/2017 07/27/2017 07/27/2017 General Collections